| 000 | 01467nam a22003017a 4500 | ||
|---|---|---|---|
| 001 | 5816 | ||
| 003 | FISKH | ||
| 005 | 20250827140922.0 | ||
| 008 | 250123b cb ||||| |||| 00| 0 eng d | ||
| 020 | _a9781740898140 | ||
| 040 |
_aFISKH _beng _cFISKH _dFISKH |
||
| 050 | _aPZ7. | ||
| 082 | _a577.34 | ||
| 100 |
_aRyan, Denise _d(1978-) |
||
| 245 |
_aJungle life / _cDenise Ryan |
||
| 250 | _aThis edition published in 2008 | ||
| 260 |
_aSydney : _bTopReaders, _c2008. |
||
| 300 |
_a32 pages : _bcolor illustrations ; _c23 cm |
||
| 505 | _aN | ||
| 520 | _aThese books are designed for children who recognise familiar words with ease, and are developing a range of word attack skills. There are varied, simple sentence patterns, many familiar objects and actions, and illustrations that provide moderate to high support. Some specialised vocabulary is introduced in this stage. A series of beautifully designed, fact-filled books, richly illustrated with a wealth of accurate, full-colour illustrations, intriguing diagrams, cross sections and cutaways. The text has been carefully leveled to support children's reading development. Ideal to help all beginner readers gain confidence while they practice their reading skills enthusiastically. | ||
| 521 | 8 |
_a550
_bLexile |
|
| 521 | 8 |
_aN
_bRaz-Plus |
|
| 650 |
_2Animals _aCycle 2 |
||
| 650 |
_2Rainforest _aNon-fiction |
||
| 700 |
_aTitin, Juliana _dillustrator |
||
| 942 |
_2ddc _cBK _n0 |
||
| 999 |
_c5816 _d5816 |
||